Fast Food Baby (Record no. 335031)
[ view plain ]
| 000 -LEADER | |
|---|---|
| fixed length control field | 00485nam a2200097Ia 4500 |
| 008 - FIXED-LENGTH DATA ELEMENTS--GENERAL INFORMATION | |
| fixed length control field | 170517s9999 xx 000 0 und d |
| 245 ## - TITLE STATEMENT | |
| Title | Fast Food Baby |
| 300 ## - PHYSICAL DESCRIPTION | |
| Extent | Our junk food addiction is dropping alarmingly down the age ladder and we are now rearing a generation of fast food babies. This arresting documentary reveals babies and toddlers eating a diet of chips, burgers and kebabs, all washed... |
| 650 ## - SUBJECT ADDED ENTRY--TOPICAL TERM | |
| General subdivision | Technology. |
| 856 ## - ELECTRONIC LOCATION AND ACCESS | |
| Uniform Resource Identifier | <a href="http://topdocumentaryfilms.com/fast-food-baby/">http://topdocumentaryfilms.com/fast-food-baby/</a> |
| Withdrawn status | Lost status | Damaged status | Home library | Current library | Date acquired | Total Checkouts | Date last seen | Price effective from | Koha item type |
|---|---|---|---|---|---|---|---|---|---|
| College Library | College Library | 05/17/2017 | 05/17/2017 | 05/17/2017 | Documentary Films |